000 00501nam a2200205Ia 4500
003 OSt
005 20140311163114.0
008 140130s9999 xx 000 0 und d
020 _a0439424720
050 _aPN 6151
_b.G875 2003
100 _aGriffiths, Andy
_920113
245 _aJust joking /
_cAndy Griffiths.
260 _bScholastic,
_c2003.
_aNew York :
300 _a137 p. :
_bill. ;
_c18 cm.
440 _v1
_931174
521 _aG3
526 _c580
942 _cBK
_2lcc
999 _c40707
_d40707